| 000 | 03440cam a22006497a 4500 | ||
|---|---|---|---|
| 003 | CHAP | ||
| 005 | 20220329134350.0 | ||
| 008 | 971013d1973 mx r 00110 spa d | ||
| 010 | _a19406 | ||
| 011 | _a20378 | ||
| 035 | _a24466 | ||
| 040 | _cCHAP | ||
| 082 | 0 | 4 |
_a338.9723 _bJ3 |
| 110 | 0 |
_aJalisco (Edo.). Departamento de Economía _960975 |
|
| 245 | 1 | 0 | _aJalisco, estrategia de desarrollo |
| 260 |
_aGuadalajara, Jal. : _bEl Estado, _c1973-76 |
||
| 300 |
_a16 v. : _bmapas _e+ 5 anexos |
||
| 500 | _aLa biblioteca tiene : v.1 Subregionalización del estado -- v.2 Sub. Colotlán -- v.3 Sub. Mezquitic -- v.4 Sub. Cihuatlán -- v.5 Sub. Vallarta -- v.6 Sub. Lagos -- v.7 Sub. San Juan -- v.8 Sub. Teocaltiche -- v.9 Sub. Tepatitlán -- v.10 Sub. Autlán | ||
| 590 |
_aBATCH-UPD _b10 _c20130110 _lUCH01 _h0030 |
||
| 590 |
_aBATCH-UPD _b10 _c20130110 _lUCH01 _h1226 |
||
| 590 |
_aBATCH-UPD _b10 _c20130409 _lUCH01 _h2012 |
||
| 590 |
_aBATCH-UPD _b10 _c20130410 _lUCH01 _h0758 |
||
| 590 |
_aBATCH-UPD _b10 _c20130914 _lUCH01 _h1012 |
||
| 590 |
_aCONVERSION _b10 _c20130109 _lUCH01 _h1312 |
||
| 650 | 1 | 4 |
_aAgricultura _xJalisco. _91714 |
| 650 | 1 | 4 |
_aComercio _xJalisco. _925615 |
| 650 | 1 | 4 |
_aFertilizantes _xIndustria. _940566 |
| 650 | 1 | 4 |
_aGanadería _zJalisco. _944866 |
| 650 | 1 | 4 |
_aHierro _xIndustria. _955298 |
| 650 | 1 | 4 |
_aIndustrias agrícolas _xJalisco. _957954 |
| 650 | 1 | 4 |
_aInversiones _xJalisco. _960184 |
| 650 | 1 | 4 |
_aJalisco _xCondiciones económicas. _960958 |
| 650 | 1 | 4 |
_aJalisco _xCondiciones sociales. _960960 |
| 650 | 1 | 4 |
_aPetróleo _xIndustria. _987665 |
| 901 | _aBK | ||
| 942 | _cLIBRO | ||
| 949 |
_a338.9723 J3 1973 _bBC _cLIBRO _d33724000408985 _eLIBRO _fv.5 _h42912 _i24466 _mD _si |
||
| 949 |
_a338.9723 J3 1973 _bBC _cLIBRO _d33724000408993 _eLIBRO _fv.9 _h42916 _i24466 _mD _si |
||
| 949 |
_a338.9723 J3 1973 _bBC _cLIBRO _d33724000409009 _eLIBRO _fv.1 _h42908 _i24466 _mD _si |
||
| 949 |
_a338.9723 J3 1973 _bBC _cLIBRO _d33724000409017 _eLIBRO _fAnexo 2 _h42925 _i24466 _si |
||
| 949 |
_a338.9723 J3 1973 _bBC _cLIBRO _d33724000409025 _eLIBRO _fAnexo _h42924 _i24466 _si |
||
| 949 |
_a338.9723 J3 1973 _bBC _cLIBRO _d33724000409033 _eLIBRO _fAnexo 5 _h42928 _i24466 _si |
||
| 949 |
_a338.9723 J3 1973 _bBC _cLIBRO _d33724000409041 _eLIBRO _fAnexo 3 _h42926 _i24466 _si |
||
| 949 |
_a338.9723 J3 1973 _bBC _cLIBRO _d33724000409058 _eLIBRO _fv.7 _h42914 _i24466 _mD _si |
||
| 949 |
_a338.9723 J3 1973 _bBC _cLIBRO _d33724000409066 _eLIBRO _fv.6 _h42913 _i24466 _mD _si |
||
| 949 |
_a338.9723 J3 1973 _bBC _cLIBRO _d33724000409074 _eLIBRO _fv.12 _h42919 _i24466 _mD _si |
||
| 949 |
_a338.9723 J3 1973 _bBC _cLIBRO _d33724000409082 _eLIBRO _fv.8 _h42915 _i24466 _mD _si |
||
| 949 |
_a338.9723 J3 1973 _bBC _cLIBRO _d33724000436200 _eLIBRO _fv.14 _h42921 _i24466 _mD _si |
||
| 949 |
_a338.9723 J3 1973 _bBC _cLIBRO _d33724000436218 _eLIBRO _fv.11 _h42918 _i24466 _mD _si |
||
| 949 |
_a338.9723 J3 1973 _bBC _cLIBRO _d33724000436267 _eLIBRO _fAnexo 4 _h42927 _i24466 _si |
||
| 949 |
_a338.9723 J3 1973 _bBC _cLIBRO _d33724000436275 _eLIBRO _fv.13 _h42920 _i24466 _mD _si |
||
| 949 |
_a338.9723 J3 1973 _bBC _cLIBRO _d33724000436283 _eLIBRO _fv.2 _h42909 _i24466 _mD _si |
||
| 949 |
_a338.9723 J3 1973 _bBC _cLIBRO _d33724000436291 _eLIBRO _fv.3 _h42910 _i24466 _mD _si |
||
| 949 |
_a338.9723 J3 1973 _bBC _cLIBRO _d33724000436309 _eLIBRO _fv.4 _h42911 _i24466 _mD _si |
||
| 949 |
_a338.9723 J3 1973 _bBC _cLIBRO _d33724000436317 _eLIBRO _fv.16 _h42923 _i24466 _mD _si |
||
| 949 |
_a338.9723 J3 1973 _bBC _cLIBRO _d33724000436325 _eLIBRO _fv.10 _h42917 _i24466 _mD _si |
||
| 999 |
_c19406 _d19406 |
||